MARC details
| 000 -CABECERA |
| campo de control de longitud fija |
01010nam a2200253 a 4500 |
| 005 - FECHA Y HORA DE LA ÚLTIMA TRANSACCIÓN |
| campo de control |
20241012064022.0 |
| 008 - ELEMENTOS DE LONGITUD FIJA--INFORMACIÓN GENERAL |
| campo de control de longitud fija |
090821s2006 mx r 000 0 spa d |
| 020 ## - NÚMERO INTERNACIONAL NORMALIZADO PARA LIBROS |
| Número Internacional Estándar del Libro |
9685418667(Obra completa) |
| 035 ## - NÚMERO DE CONTROL DEL SISTEMA |
| Número de control de sistema |
UPN01000171965 |
| 049 ## - COLECCIÓN |
| Colección |
I |
| 050 #4 - SIGNATURA TOPOGRÁFICA DE LA BIBLIOTECA DEL CONGRESO |
| Número de clasificación |
GV443 |
| Número de documento/Ítem |
E3.7 |
| 245 00 - MENCIÓN DE TÍTULO |
| Título |
Educación física en la escuela primaria / |
| Mención de responsabilidad, etc. |
Gabriela Fedi ... [et al.]. |
| 260 ## - PUBLICACIÓN, DISTRIBUCIÓN, ETC. |
| Lugar de publicación, distribución, etc. |
México : |
| Nombre del editor, distribuidor, etc. |
Edilar : |
| -- |
Alma, |
| Fecha de publicación, distribución, etc. |
[2006]. |
| 300 ## - DESCRIPCIÓN FÍSICA |
| Extensión |
4 vols. |
| Otras características físicas |
il. col. + |
| Material acompañante/anejo |
1 CD-ROM ; 4 3/4 plg. |
| 500 ## - NOTA GENERAL |
| Nota general |
Solicita el CD-ROM en el Mostrador de Préstamo |
| 505 8# - NOTA DE CONTENIDO CON FORMATO PREESTABLECIDO |
| Nota de contenido con formato |
Contenido: |
| Información miscelánea |
v.1 |
| Título |
Actividad física escolar |
| Información miscelánea |
v.2 |
| Título |
Iniciación al deporte |
| Información miscelánea |
v.3 |
| Título |
Juego convencional y no convencional |
| Información miscelánea |
v.4 |
| Título |
Vida en la naturaleza y al aire libre |
| 650 #4 - ASIENTO SECUNDARIO DE MATERIA - TERMINO TEMATICO |
| Término de materia o nombre geográfico como elemento de entrada |
Educación física |
| Subdivisión general |
Estudio y enseñanza (Elemental) |
| 9 (RLIN) |
11517 |
| 650 #4 - ASIENTO SECUNDARIO DE MATERIA - TERMINO TEMATICO |
| Término de materia o nombre geográfico como elemento de entrada |
DEPORTES - |
| Subdivisión general |
ESTUDIO Y ENSEÑANZA |
| 9 (RLIN) |
10375 |
| 650 #4 - ASIENTO SECUNDARIO DE MATERIA - TERMINO TEMATICO |
| Término de materia o nombre geográfico como elemento de entrada |
Juegos educativos |
| 9 (RLIN) |
3952 |
| 650 #4 - ASIENTO SECUNDARIO DE MATERIA - TERMINO TEMATICO |
| Término de materia o nombre geográfico como elemento de entrada |
CAMPAMENTOS (EXCURSIONISMO) |
| 9 (RLIN) |
5062 |
| 700 1# - ASIENTO SECUNDARIO--NOMBRE DE PERSONAL |
| Nombre de persona |
Fedi, Gabriela, |
| Término indicativo de función/relación |
coaut. |
| 905 ## - TIPO DE MATERIAL |
| Tipo de material |
Infantil |